IA political parties in India : (Record no. 104420)

MARC details
000 -LEADER
fixed length control field 00570nam a22001817a 4500
005 - DATE AND TIME OF LATEST TRANSACTION
control field 20161110122521.0
010 ## - LCCN (DPL NO)
LC control number ENG-116402
020 ## - INTERNATIONAL STANDARD BOOK NUMBER
International Standard Book Number 9789380574271
Terms of availability 1195.00
035 ## - SYSTEM CONTROL NUMBER
System control number EN-99934
037 ## - SOURCE OF ACQUISITION
Source of stock number/acquisition DBAD/PUB
082 ## - DEWEY DECIMAL CLASSIFICATION NUMBER
Classification number 324.254
100 ## - MAIN ENTRY--PERSONAL NAME
Personal name Ahuja, M.L.
245 ## - TITLE STATEMENT
Title IA political parties in India :
Statement of responsibility, etc by M.L. Ahuja
Remainder of title formation,superintendence,electoral, alliances and coaliation /
260 ## - PUBLICATION, DISTRIBUTION, ETC. (IMPRINT)
Place of publication, distribution, etc Delhi
Name of publisher, distributor, etc Bookwell
Date of publication, distribution, etc 2012
270 ## - ADDRESS
Address 3/79,Nirankari Colony
City Delhi
Postal code 110052
300 ## - PHYSICAL DESCRIPTION
Extent xx,372p.
Dimensions 22cm(Hb)
942 ## - ADDED ENTRY ELEMENTS (KOHA)
Source of classification or shelving scheme Dewey Decimal Classification
Item type English Books
Call number suffix AHU
Classification part 324.254
Holdings
Withdrawn status Lost status Not for loan Collection code Home library Current library Date acquired Source of acquisition Cost, normal purchase price Full call number Barcode Copy number Cost, replacement price Koha item type
    Not For Loan Non-fiction D.B.Act.Division D.B.Act.Division 02/11/2016 DBAD/PUB 1195.00 324.254 AHU EN-99934 1 1195.00 English Books

© Delhi Public Library
Hit Counter
free hit counter